| 000 | 00435pab a2200169 454500 | ||
|---|---|---|---|
| 008 | 180718b2007 xxu||||| |||| 00| 0 eng d | ||
| 100 | _aPatel, Shirish B. | ||
| 245 | _aUnstated premises of Maharashtra's housing policy | ||
| 260 | _c2007 | ||
| 300 | _ap.3359-364. | ||
| 362 | _a18 Aug | ||
| 650 | _aHousing - India - Maharashtra | ||
| 650 | _aHousing | ||
| 773 | _aEconomic and Political Weekly | ||
| 908 | _aN | ||
| 909 | _a75765 | ||
| 999 |
_c75765 _d75765 |
||